LEADER 02755nas 2200817-a 450 001 996216791803316 005 20230518213020.0 035 $a(DE-599)ZDB2070848-8 035 $a(OCoLC)60639348 035 $a(CKB)110978976481853 035 $a(CONSER)--2013263097 035 $a(EXLCZ)99110978976481853 100 $a20050615b19992010 --- a 101 0 $aeng 135 $aurcn||||||||| 181 $ctxt$2rdacontent 182 $cc$2rdamedia 183 $acr$2rdacarrier 200 00$aManagement for strategic business ideas 210 $a[Hamilton, Ont.] $c[CMA Canada] 210 3 $aMississauga, Ont. $cCMA Canada 311 $a1490-4225 517 1 $aManagement des stratégies à découvrir 517 1 $aCMA management 517 1 $aManagement 517 1 $aCMA management for strategic business ideas 531 $aMANAGEMENT FOR STRATEGIC BUSINESS IDEAS 531 $aCMA MANAGEMENT 531 $aMANAGEMENT DES STRATéGIES à DéCOUVRIR 606 $aCost accounting$vPeriodicals 606 $aManagerial accounting$vPeriodicals 606 $aAccounting$zCanada$vPeriodicals 606 $aCost accounting$xPeriodicals 606 $aManagerial accounting$xPeriodicals 606 $aAccounting$zCanada$xPeriodicals 606 $aComptabilité analytique$xPériodiques 606 $aComptabilité de gestion$xPériodiques 606 $aComptabilité$zCanada$xPériodiques 606 $aComptabilité analytique$vPériodiques 606 $aComptabilité de gestion$vPériodiques 606 $aAccounting$2fast$3(OCoLC)fst00795379 606 $aCost accounting$2fast$3(OCoLC)fst00880661 606 $aManagerial accounting$2fast$3(OCoLC)fst01007320 606 $aManagement accounting$2gtt 607 $aCanada$2fast 608 $aPeriodicals.$2fast 615 0$aCost accounting 615 0$aManagerial accounting 615 0$aAccounting 615 0$aCost accounting$xPeriodicals. 615 0$aManagerial accounting$xPeriodicals. 615 0$aAccounting$xPeriodicals. 615 6$aComptabilité analytique$xPériodiques. 615 6$aComptabilité de gestion$xPériodiques. 615 6$aComptabilité$xPériodiques. 615 6$aComptabilité analytique 615 6$aComptabilité de gestion 615 7$aAccounting. 615 7$aCost accounting. 615 7$aManagerial accounting. 615 17$aManagement accounting. 676 $a658.1/511/05 676 $a657 686 $acci1icc$2lacc 686 $acoll11$2lacc 686 $acollissn$2lacc 712 02$aSociety of Management Accountants of Canada. 906 $aJOURNAL 912 $a996216791803316 996 $aManagement for strategic business ideas$9984330 997 $aUNISA LEADER 01726nam 2200553 450 001 9910813093503321 005 20230617002008.0 010 $a1-4698-7805-4 035 $a(CKB)1000000000753654 035 $a(SSID)ssj0000352620 035 $a(PQKBManifestationID)11277403 035 $a(PQKBTitleCode)TC0000352620 035 $a(PQKBWorkID)10285635 035 $a(PQKB)10766983 035 $a(MiAaPQ)EBC2032636 035 $a(Au-PeEL)EBL2032636 035 $a(CaPaEBR)ebr10825434 035 $a(CaONFJC)MIL54281 035 $a(OCoLC)908076134 035 $a(EXLCZ)991000000000753654 100 $a20030905h20042004 uy| 0 101 0 $aeng 135 $aurcnu|||||||| 181 $ctxt$2rdacontent 182 $cc$2rdamedia 183 $acr 200 04$aThe adult and pediatric spine /$feditors-in-chief, John W. Frymoyer, Sam W. Wiesel ; associate editors, Howard S. An [and four others] 205 $aThird edition. 210 1$aPhiladelphia :$cLippincott Williams & Wilkins,$d[2004] 210 4$d©2004 215 $a1 online resource (1276 pages) $cillustrations 300 $aRev. ed. of: The adult spine. 2nd ed. c1997. 311 $a978-0-7817-3549-0 320 $aIncludes bibliographical references and index. 606 $aSpine$xAbnormalities 606 $aSpine$xSurgery 615 2$aSpine$xAbnormalities. 615 2$aSpine$xSurgery. 676 $a616.7/3 701 $aFrymoyer$b John W$01712830 701 $aWiesel$b Sam W$01092335 701 $aAn$b Howard S$0904976 801 0$bMiAaPQ 801 1$bMiAaPQ 801 2$bMiAaPQ 912 $a9910813093503321 996 $aThe adult and pediatric spine$94105316 997 $aUNINA 999 $aEBOOK